000 00576nam a22001697a 4500
005 20251108163342.0
008 250721s1989 xx 000 0 ara d
082 1 4 _a55ر199/محم
100 1 _aإقبال، محمد
245 1 0 _aتطور الفكر الفلسفي في إيران :
_bإسهام في تاريخ الفلسفة الإسلامية /
264 1 _aالقاهرة :
_bالدار الفنية للنشر والتوزيع،
_c1989.
300 _a162ص
650 1 7 _aالفلسفة الإسلامية
650 1 7 _aإيران
942 _2ddc
_cBK
999 _c489
_d489